| 000 | 00650cam a2200193 i 4500 | ||
|---|---|---|---|
| 005 | 20251108172455.0 | ||
| 008 | 250721s1989 ua gr 000 0 ara d | ||
| 082 | 1 | 4 |
_a410.1 _bم ص ل |
| 100 | 1 |
_aمصلوح، سعد _eمؤلف. |
|
| 245 | 1 | 0 |
_aدراسات نقدية في اللسانيات العربية المعاصرة / _cسعد مصلوح. |
| 250 | _aالطبعة الاولى. | ||
| 264 | 1 |
_aالقاهرة : _bعالم الكتب، _c1989. |
|
| 300 | _a297صفحة. | ||
| 650 | 1 | 7 | _aاللغة العربية. |
| 650 | 1 | 7 | _aاللسانيات. |
| 650 | 1 | 7 | _aالنقد اللغوي. |
| 942 |
_2ddc _cBK |
||
| 999 |
_c80246 _d80246 |
||